Graf Alexander Keyserlings Beziehungen zum russischen Kaiserhof

Titel: Graf Alexander Keyserlings Beziehungen zum russischen Kaiserhof
Verfasser:
In: Baltisches Welterlebnis, (2007), Seite 25-40
alle Artikel anzeigen
Veröffentlicht: 2007
Format: Aufsatz
Sprache: Deutsch
Kein Bild verfügbar
X
alg: 39222416
001A    $01999:11-11-16 
001B    $01999:16-05-21 $t20:25:25.000 
001D    $01999:11-11-16 
001U    $0utf8 
001X    $00 
002@    $0Aox 
003@    $039222416X 
007A    $039222416X $aHEB 
007T    $0Herdc0043132m 
010@    $ager 
011@    $a2007 
021A    $aGraf Alexander Keyserlings Beziehungen zum russischen Kaiserhof 
028A    $aBartlett $dRoger 
031A    $h25-40 $j2007 
039B    $aIn $8--Aau--. Baltisches Welterlebnis. - Heidelberg : Winter, 2007. - 586 S.. - Ill.. - ISBN 978-3-8253-5376-6 $x200700000000000975 $9190652160 
045F    $a929.09479 $eDDC23BSB 
045F/01 $a929 
045F/03 $g479 

lok: 39222416 78

exp: 39222416 78 1 #EPN
201B/01 $019-04-17 $t11:06:13.000 
201U/01 $0utf8 
203@/01 $0788320424 
208@/01 $a11-11-16 $be 
209A/01 $a/ $f000 $x00 
220C/01 $aTitelaufnehmer: kk;sk 
220C/01 $aHerkunft: HI Marburg 
244Z/01 $2Trx $#Baltijos šalys $#kraje bałtyckie $#Baltikum $8--Trx--Baltische Länder $x01 $9391352903 
244Z/01 $2Trx $8--Trx--Keyserling, Alexander von$Z1815-1891 $x02 $9390983314 
244Z/01 $2Trx $#baltisakslased $#Pabaltijo vokiečiai $#German Balts $#német-balti népek $#Niemcy bałtyccy $#Nemci pobaltskí $#Němci pobaltskí $8--Trx--Deutschbalten $x03 $9391369946 
244Z/01 $2Trx $#korrespondenst $#susirašinėjimas $#Correspondences $#levelezés $#korespondencja $#korešpondencia $#korespondence $#laiškai $#Briefe $#Schriftverkehr $#listy $#listy $#dopisy $8--Trx--Korrespondenz $x04 $9391359568 
244Z/01 $2Trx $#tsaarid, Vene $#Caras, Rusijos $#Tsars, Russian $#cárok, orosz $#carowie rosyjscy $#cári ruskí $#carové ruští $8--Trx--Zaren, russische $x05 $9391374354 
244Z/01 $2Trx $8--Trx--Einzelbeiträge $x06 $9391384570 
245Z/01 $a12.03 $x01 
247C/01 $82080>Marburg/Lahn, Herder-Institut, Forschungsbibliothek, Bibliographieportal $9336309341
LEADER 00000caa a22000002c 4500
001 39222416X
003 DE-603
005 20210516202525.0
007 tu
008 161111s2007 xx |||| | u00||u|ger c
035 |a (DE-599)HEB39222416X 
040 |a DE-603  |b ger  |c DE-603  |d DE-603 
041 |a ger 
082 0 4 |8 1\u  |a 929.09479  |q DE-101  |2 23/BSB 
085 |8 1\u  |b 929 
085 |8 1\u  |z 2  |s 479 
100 1 |a Bartlett, Roger 
245 0 0 |a Graf Alexander Keyserlings Beziehungen zum russischen Kaiserhof 
264 0 |c 2007 
773 0 8 |i In  |t Baltisches Welterlebnis  |d Heidelberg : Winter, 2007  |h 586 S., Ill.  |z 9783825353766  |z 3825353761  |g (2007), Seite 25-40  |w (DE-603)190652160 
924 0 |9 2080  |a (DE-603)788320424  |b DE-2080  |c HES  |d d  |g /